[Event "Penang op 8th"]
[Site "Penang"]
[Date "2016.12.08"]
[Round "6"]
[White "Thang, Kit Han"]
[Black "Lieu, Chin Yung"]
[Result "1/2-1/2"]
[WhiteElo "1512"]
[BlackElo "1875"]
[PlyCount "61"]
[EventDate "2016.12.05"]
[EventType "swiss"]
[EventRounds "9"]
[EventCountry "MAS"]
[SourceTitle "CBM 176 Extra"]
[Source "ChessBase"]
[SourceDate "2017.03.02"]
[SourceVersion "1"]
[SourceVersionDate "2017.03.02"]
[SourceQuality "1"]

1. e4 c6 2. d4 d5 3. e5 Bf5 4. Nf3 e6 5. Be2 Ne7 6. Nbd2 c5 7. c4 Nec6 8. cxd5 exd5 9. dxc5 Bxc5 10. Nb3 Bb4+ 11. Bd2 0-0 12. 0-0 Be7 13. Re1 d4 14. Bc4 Be6 15. Qc2 Bd5 16. Nfxd4 Nxd4 17. Nxd4 Bxg2 18. Bc3 Bc5 19. Rad1 Qg5 20. f4 Be4+ 21. fxg5 Bxc2 22. Rd2 Nc6 23. Kg2 Nxd4 24. Bxd4 Bxd4 25. Rxd4 Rad8 26. Rd6 g6 27. Re2 Bf5 28. Red2 Rfe8 29. Re2 Rc8 30. b3 Rc5 31. a4 1/2-1/2

[Event "Penang op 8th"]
[Site "Penang"]
[Date "2016.12.07"]
[Round "5"]
[White "Tan, Jia Yun"]
[Black "Thang, Kit Han"]
[Result "0-1"]
[WhiteElo "1735"]
[BlackElo "1512"]
[PlyCount "128"]
[EventDate "2016.12.05"]
[EventType "swiss"]
[EventRounds "9"]
[EventCountry "MAS"]
[SourceTitle "CBM 176 Extra"]
[Source "ChessBase"]
[SourceDate "2017.03.02"]
[SourceVersion "1"]
[SourceVersionDate "2017.03.02"]
[SourceQuality "1"]

1. e4 c5 2. Nf3 d6 3. d4 cxd4 4. Nxd4 Nf6 5. Nc3 a6 6. Be2 e6 7. 0-0 Be7 8. Be3 b5 9. a3 Bb7 10. Bd3 Nbd7 11. f4 Qc7 12. Qf3 Nc5 13. Qg3 Rc8 14. Rae1 Ncxe4 15. Nxe4 Bxe4 16. Bxe4 Nxe4 17. Qxg7 Bf6 18. Qg4 Qb7 19. c3 Ke7 20. Qf3 Nc5 21. Nf5+ Kd7 22. Qxb7+ Nxb7 23. Ng3 Bh4 24. Bf2 Nc5 25. Rd1 Bxg3 26. Bxg3 Ne4 27. Bh4 f5 28. Bf2 Rhg8 29. Bd4 Rg6 30. Rfe1 Rg4 31. g3 Rcg8 32. Kf1 h5 33. Rd3 h4 34. Bf2 hxg3 35. hxg3 Nxg3+ 36. Bxg3 Rxg3 37. Rxg3 Rxg3 38. Kf2 Rg7 39. Rh1 Kc6 40. Rh8 a5 41. Re8 Rg6 42. b3 a4 43. bxa4 bxa4 44. Rb8 Rg7 45. Rb4 Ra7 46. Ke3 Ra5 47. Kd3 e5 48. Ke3 Kd5 49. Kd3 Ra7 50. Ke3 Rc7 51. Rxa4 Rxc3+ 52. Ke2 Rc4 53. Ra5+ Ke4 54. fxe5 dxe5 55. Rb5 f4 56. Rb3 Rc2+ 57. Kf1 f3 58. a4 Ra2 59. Rb4+ Ke3 60. Rb3+ Kf4 61. Rb4+ Kg3 62. Re4 Ra1+ 63. Re1 Rxe1+ 64. Kxe1 Kg2 0-1

[Event "Penang op-B 7th"]
[Site "Penang"]
[Date "2015.12.11"]
[Round "7"]
[White "Thang, Kit Han"]
[Black "Ding, Dao En"]
[Result "1/2-1/2"]
[WhiteElo "1630"]
[BlackElo "1305"]
[PlyCount "78"]
[EventDate "2015.12.07"]
[EventType "swiss"]
[EventRounds "9"]
[EventCountry "MAS"]
[SourceTitle "CBM 170 Extra"]
[Source "ChessBase"]
[SourceDate "2016.02.25"]
[SourceVersion "1"]
[SourceVersionDate "2016.02.25"]
[SourceQuality "1"]

1. e4 c5 2. Nf3 Nc6 3. Bb5 g6 4. 0-0 Bg7 5. Re1 e5 6. Bxc6 bxc6 7. d3 Ne7 8. Nbd2 0-0 9. Nc4 d6 10. h3 h6 11. Bd2 Be6 12. Ne3 Rb8 13. Rb1 Bxa2 14. Ra1 Be6 15. b3 Rb7 16. Ra6 Qd7 17. Nf1 Ra8 18. Qc1 Kh7 19. Ng3 Ng8 20. Nh2 Nf6 21. Rf1 Ne8 22. f4 exf4 23. Bxf4 d5 24. Nf3 Rb4 25. Ra3 c4 26. Ne5 Bxe5 27. Bxe5 cxb3 28. cxb3 dxe4 29. Qc3 Rb5 30. dxe4 Rc8 31. Ne2 Qe7 32. Rfa1 Qc5+ 33. Qxc5 Rxc5 34. Bd4 Rc2 35. Nf4 Ng7 36. Bxg7 Kxg7 37. Nxe6+ fxe6 38. e5 g5 39. Rxa7+ Kg6 1/2-1/2

[Event "Penang op-B 7th"]
[Site "Penang"]
[Date "2015.12.07"]
[Round "1"]
[White "Thang, Kit Han"]
[Black "Wong, Ching Wen"]
[Result "1-0"]
[WhiteElo "1630"]
[BlackElo "1252"]
[PlyCount "133"]
[EventDate "2015.12.07"]
[EventType "swiss"]
[EventRounds "9"]
[EventCountry "MAS"]
[SourceTitle "CBM 170 Extra"]
[Source "ChessBase"]
[SourceDate "2016.02.25"]
[SourceVersion "1"]
[SourceVersionDate "2016.02.25"]
[SourceQuality "1"]

1. e4 c5 2. Nf3 Nc6 3. Bb5 g6 4. 0-0 Bg7 5. Re1 Nf6 6. e5 Ng4 7. Bxc6 bxc6 8. h3 Nh6 9. d3 Nf5 10. Nbd2 0-0 11. Ne4 d6 12. exd6 exd6 13. Rb1 Re8 14. Bg5 f6 15. Bf4 Be6 16. b3 Rb8 17. g4 Nd4 18. Nxd4 cxd4 19. Nxd6 Re7 20. Ne4 Rbb7 21. Nc5 Rb5 22. Nxe6 Qd7 23. Nxg7 Kxg7 24. Rxe7+ Qxe7 25. Qe1 Qxe1+ 26. Rxe1 a5 27. Re7+ Kg8 28. Rd7 c5 29. Rd5 Kf7 30. a4 Rb6 31. Rxc5 Ra6 32. Rc4 Re6 33. Kf1 g5 34. Bg3 Ke7 35. Rxd4 Rc6 36. Rc4 Rb6 37. Rc5 Ra6 38. Ke2 Kd7 39. Kd2 Ra8 40. Rc7+ Ke6 41. Rxh7 Kd5 42. c4+ Kc5 43. Kc3 Ra6 44. d4+ Kc6 45. Rf7 Kb6 46. Rxf6+ Kb7 47. Rxa6 Kxa6 48. Bc7 Ka7 49. Bxa5 Kb7 50. Bd8 Kc6 51. Bxg5 Kb6 52. b4 Kc6 53. Bc1 Kb6 54. f4 Kc6 55. h4 Kd6 56. d5 Kc7 57. c5 Kd7 58. c6+ Kd6 59. f5 Kxd5 60. c7 Kc6 61. c8Q+ Kd6 62. Bf4+ Ke7 63. Qe6+ Kd8 64. Qd6+ Ke8 65. f6 Kf7 66. Qe7+ Kg6 67. h5# 1-0